000 01667nam0a2200385 4500
001 RU\NLR\BIBL_A\011155246
005 20260407134054.0
010 _a978-5-88503-938-3
_92200
021 _aRU
_b2016-44688
_92867
035 _a(NILC)RuMoRGB-008504394
035 _a(NLR Aleph) 011155246
090 _a11692159
_c11692159
100 _a20160616d2016 |||y0rusy50 ca
101 1 _arus
_cara
102 _aRU
105 _ay|||w|||000yy
200 1 _aКоран
_f[Ин-т востоковедения РАН и др.]
_gпер. с араб. и коммент. М.-Н. О. Османова
205 _aИзд. 3-е, перераб. и доп.
210 _aМосква
_aСанкт-Петербург
_cДиля
_d2016
215 _a574, [1] с.
_d21
300 _aВ надзаг. также.: Ин-т философии РАН, Ин-т стран Азии и Африки при МГУ, Даг. гос. ун-т
300 _aБиблиогр. в услов. сокр.: с. 564-566 и в тексте
320 _aУказ. печат. тр. М.-Н.О. Османова: с. 569-572
605 _aКоран
_91276425
_3RU\NLR\AUTH\66526004
675 _a28
686 2 _aЭ38-210.1
702 1 _4730
_7ca
_8rus
_aОсманов
_bМ.-Н. О.
_f1924-
_gМагомед-Нури Османович
_940407
_3RU\NLR\AUTH\7757475
712 0 2 _4570
_aИнститут востоковедения
_cМосква
_9498968
_3RU\NLR\AUTH\8810000899
801 0 _aRU
_bRuMoRKP
_c20160531
_gRCR
801 2 _aRU
_bРГБ
_c20160602
_grcr
942 _cBOOK
980 _aNB